Mahabharat ke patra II (Record no. 148184)

MARC details
000 -LEADER
fixed length control field 00672nam a2200241Ia 4500
003 - CONTROL NUMBER IDENTIFIER
control field OSt
005 - DATE AND TIME OF LATEST TRANSACTION
control field 20260305113835.0
008 - FIXED-LENGTH DATA ELEMENTS--GENERAL INFORMATION
fixed length control field 210210b1939 xxu||||| |||| 00| 0 eng d
040 ## - CATALOGING SOURCE
Transcribing agency AL
041 ## - LANGUAGE CODE
Language code of text/sound track or separate title Hindi
082 ## - DEWEY DECIMAL CLASSIFICATION NUMBER
Classification number 862/2
100 ## - MAIN ENTRY--PERSONAL NAME
Personal name ACHARYA (Nanabhai)
Dates associated with a name आचार्य (नानाभाई)
9 (RLIN) 257752
245 ## - TITLE STATEMENT
Title Mahabharat ke patra II
Remainder of title महाभारत के पात्र २
260 ## - PUBLICATION, DISTRIBUTION, ETC.
Place of publication, distribution, etc. Dilli
Name of publisher, distributor, etc. Sasta Sahity Mandal
Date of publication, distribution, etc. 1939
440 ## - SERIES STATEMENT/ADDED ENTRY--TITLE
Title II
9 (RLIN) 257753
650 ## - SUBJECT ADDED ENTRY--TOPICAL TERM
Topical term or geographic name entry element patra
9 (RLIN) 257754
650 ## - SUBJECT ADDED ENTRY--TOPICAL TERM
Topical term or geographic name entry element Mahabharat
9 (RLIN) 257755
650 ## - SUBJECT ADDED ENTRY--TOPICAL TERM
Topical term or geographic name entry element ke
9 (RLIN) 257756
650 ## - SUBJECT ADDED ENTRY--TOPICAL TERM
Topical term or geographic name entry element II
9 (RLIN) 257757
690 ## - LOCAL SUBJECT ADDED ENTRY--TOPICAL TERM (OCLC, RLIN)
Topical term or geographic name as entry element Hindi Prose
9 (RLIN) 257758
906 ## - LOCAL DATA ELEMENT F, LDF (RLIN)
a 023249
942 ## - ADDED ENTRY ELEMENTS (KOHA)
Source of classification or shelving scheme Dewey Decimal Classification
Koha item type Book
Holdings
Withdrawn status Lost status Source of classification or shelving scheme Damaged status Not for loan Collection code Home library Current library Shelving location Date acquired Cost, normal purchase price Total Checkouts Full call number Barcode Date last seen Price effective from Koha item type
    Dewey Decimal Classification     Hindi St Aloysius Library St Aloysius Library   02/17/2021 0.00   862/2 023249 02/17/2021 02/17/2021 Book